Normal view
MARC view
- Zaidi,Dr.Wasi ahmad
Entry Personal Name
001 - CONTROL NUMBER
- control field: 2270
003 - CONTROL NUMBER IDENTIFIER
- control field: NUST
005 - DATE AND TIME OF LATEST TRANSACTION
- control field: 20170608120103.0
008 - FIXED-LENGTH DATA ELEMENTS
- fixed length control field: 170608|| aca||aabn | a|a d
040 ## - CATALOGING SOURCE
- Original cataloging agency: NUST
- Transcribing agency: NUST
100 ## - HEADING--PERSONAL NAME
- Personal name: Zaidi,Dr.Wasi ahmad
670 ## - SOURCE DATA FOUND
- Source citation: Work cat.: (NUST): Zaidi,Dr.Wasi ahmad, Ground Water, 2012
